000 00260nam a2200109 a 4500
008 090930s1981|||| d
100 1 _aBaumann,H.
245 1 0 _aŠiel som s Hannibalom
260 _bMladé letá
_aBratislava
_c1981
041 _aslo
044 _axo
_cSK
999 _c235
_d235